<?xml version="1.0" encoding="UTF-8"?><?xml-stylesheet type="text/xsl" href="static/style.xsl"?><OAI-PMH xmlns="http://www.openarchives.org/OAI/2.0/" xmlns:xsi="http://www.w3.org/2001/XMLSchema-instance" xsi:schemaLocation="http://www.openarchives.org/OAI/2.0/ http://www.openarchives.org/OAI/2.0/OAI-PMH.xsd"><responseDate>2026-06-02T01:12:56Z</responseDate><request verb="GetRecord" identifier="oai:riubu.ubu.es:10259/6514" metadataPrefix="marc">https://riubu.ubu.es/oai/request</request><GetRecord><record><header><identifier>oai:riubu.ubu.es:10259/6514</identifier><datestamp>2022-04-01T07:46:03Z</datestamp><setSpec>com_10259.4_103</setSpec><setSpec>com_10259.4_1</setSpec><setSpec>com_10259_2604</setSpec><setSpec>col_10259_6504</setSpec></header><metadata><record xmlns="http://www.loc.gov/MARC21/slim" xmlns:doc="http://www.lyncode.com/xoai" xmlns:xsi="http://www.w3.org/2001/XMLSchema-instance" xmlns:dcterms="http://purl.org/dc/terms/" xsi:schemaLocation="http://www.loc.gov/MARC21/slim http://www.loc.gov/standards/marcxml/schema/MARC21slim.xsd">
<leader>00925njm 22002777a 4500</leader>
<datafield tag="042" ind1=" " ind2=" ">
<subfield code="a">dc</subfield>
</datafield>
<datafield tag="720" ind1=" " ind2=" ">
<subfield code="a">López de Torres, Manuel</subfield>
<subfield code="e">author</subfield>
</datafield>
<datafield tag="260" ind1=" " ind2=" ">
<subfield code="c">2017</subfield>
</datafield>
<datafield tag="520" ind1=" " ind2=" ">
<subfield code="a">Este artículo aborda la posible catalogación y atribución&#xd;
de la imagen de un Niño Jesús encontrada en la Colegiata de&#xd;
Covarrubias, al imaginero Juan de Mesa. Todo ello a través de un&#xd;
profundo estudio de la imagen valiéndose de recursos comparativos&#xd;
y estilísticos entre el Niño Jesús al que se trata de dar autoría y las&#xd;
características de los niños Jesús de la época.</subfield>
</datafield>
<datafield tag="520" ind1=" " ind2=" ">
<subfield code="a">This article present the possible vesting of the icon of&#xd;
an Infant Jesus discovered in the main church of Covarrubias, to the&#xd;
sculptor Juan de Mesa. All of this, through a detailed study of the icon&#xd;
using comparatives studies between this sculpture and another iconographies&#xd;
dated in the same period.</subfield>
</datafield>
<datafield tag="024" ind2=" " ind1="8">
<subfield code="a">0211-8998</subfield>
</datafield>
<datafield tag="024" ind2=" " ind1="8">
<subfield code="a">http://hdl.handle.net/10259/6514</subfield>
</datafield>
<datafield ind1=" " ind2=" " tag="653">
<subfield code="a">Niño Jesús</subfield>
</datafield>
<datafield ind1=" " ind2=" " tag="653">
<subfield code="a">Posible autoría</subfield>
</datafield>
<datafield ind1=" " ind2=" " tag="653">
<subfield code="a">Estudio comparativo</subfield>
</datafield>
<datafield ind1=" " ind2=" " tag="653">
<subfield code="a">Atribución</subfield>
</datafield>
<datafield ind1=" " ind2=" " tag="653">
<subfield code="a">Fisonomía</subfield>
</datafield>
<datafield ind1=" " ind2=" " tag="653">
<subfield code="a">Anatomía</subfield>
</datafield>
<datafield ind1=" " ind2=" " tag="653">
<subfield code="a">Barroco</subfield>
</datafield>
<datafield ind1=" " ind2=" " tag="653">
<subfield code="a">Juan de Mesa</subfield>
</datafield>
<datafield ind1=" " ind2=" " tag="653">
<subfield code="a">Infant Jesus</subfield>
</datafield>
<datafield ind1=" " ind2=" " tag="653">
<subfield code="a">Comparative study</subfield>
</datafield>
<datafield ind1=" " ind2=" " tag="653">
<subfield code="a">Vesting</subfield>
</datafield>
<datafield ind1=" " ind2=" " tag="653">
<subfield code="a">Physiognomy</subfield>
</datafield>
<datafield ind1=" " ind2=" " tag="653">
<subfield code="a">Anatomy</subfield>
</datafield>
<datafield ind1=" " ind2=" " tag="653">
<subfield code="a">Baroque</subfield>
</datafield>
<datafield tag="245" ind1="0" ind2="0">
<subfield code="a">Niño de Escuela Sevillana en Covarrubias ¿Nueva posible obra de Juan de Mesa?</subfield>
</datafield>
</record></metadata></record></GetRecord></OAI-PMH>